City Elimination - All Cities Over 1m - Statistics

General Stats
  • This quiz has been taken 42 times
  • The average score is 7 of 8
Answer Stats
Hint Answer % Correct
...and isn't in China, India, or the United States 258
100%
...which isn't the biggest in its country 511
100%
Any city 653
100%
...and has a population of less than 5m 239
92%
...but more than 2m 69
92%
...and starts with a vowel (not including Y) 6
62%
...and is a national capital 2
59%
...and is the largest remaining city. Abuja
46%
No matching quizzes found
Score Distribution
Percent of People with Each Score
Percentile by Number Answered
Your Score History
You have not taken this quiz